UEFA EURO Winning Teams - Sudden Death - Statistics

General Stats
  • This quiz has been taken 123 times
    121 since last reset
  • The average score is 7 of 10
Answers on the Grid
Answers color-coded by a green-red scale on the quiz's grid according to % correct below.
Austria
Belgium
Bulgaria
Croatia
Czech Republic
Czechoslovakia
Denmark
East Germany
England
France
Greece
Hungary
Ireland
Italy
Netherlands
Norway
Portugal
Romania
Russia
Scotland
Soviet Union
Spain
Sweden
Switzerland
Ukraine
Wales
West Germany
Yugoslavia
 
Answer Stats
Answer % Correct
France
80%
Italy
73%
Spain
73%
Denmark
72%
Portugal
71%
West Germany
68%
Czechoslovakia
67%
Greece
66%
Netherlands
59%
Soviet Union
43%
No matching quizzes found
Score Distribution
Percent of People with Each Score
Percentile by Number Answered
Your Score History
You have not taken this quiz since the last reset